000 00579nam a22001937a 4500
999 _c6576
_d6576
003 OSt
005 20200204130025.0
008 200204b ||||| |||| 00| 0 eng d
020 _a0534150489
040 _cDDC
082 _a150 MAT 1990.
100 _aDiMatteo,Robin.M;
_913519
245 _aThe Psychology of Health ,illness and Medical Care:
_ban Individual Perspective.
260 _aCalifonia;
_bBrooks/Cole Publishing Company.
_c1990.
300 _axix,438p;
_bill,
_c23cm.
504 _aincludes index and references.
650 _apsychology.
_931
942 _2ddc
_cO_SHELF